000 00422nam a22001577a 4500
005 20251108164223.0
008 250721s1994 xx 000 0 ara d
082 1 4 _a617.7/معي
100 1 _aالموسى، طارق محمد
245 1 0 _aالمعين في طب العيون /
264 1 _aدمشق :
_bدار المعاجم،
_c1994.
300 _a362ص
650 1 7 _aالعين
942 _2ddc
_cBK
999 _c6715
_d6715